5HLuxD.jpg

KING HENRY VIII SENIOR AND PRIMARY SCHOOL LIBRARY OPAC

Jacqueline Wilson's biscuit barrel (Record no. 2249)

000 -LEADER
fixed length control field 00659nam a22001817a 4500
005 - DATE AND TIME OF LATEST TRANSACTION
control field 20230405102250.0
008 - FIXED-LENGTH DATA ELEMENTS--GENERAL INFORMATION
fixed length control field 230405b ||||| |||| 00| 0 eng d
020 ## - INTERNATIONAL STANDARD BOOK NUMBER
International Standard Book Number 9780440870623
040 ## - CATALOGING SOURCE
Transcribing agency KH8
082 ## - DEWEY DECIMAL CLASSIFICATION NUMBER
Classification number 823.914 WIL
100 ## - MAIN ENTRY--PERSONAL NAME
Personal name Wilson, Jacqueline
Relator term author
245 ## - TITLE STATEMENT
Title Jacqueline Wilson's biscuit barrel
Remainder of title Cliffhanger and Buried alive
Statement of responsibility, etc. Jacqueline Wilson
260 ## - PUBLICATION, DISTRIBUTION, ETC.
Place of publication, distribution, etc. London,
Name of publisher, distributor, etc. Corgi Yearling,
Date of publication, distribution, etc. ©2012, ©2001
300 ## - PHYSICAL DESCRIPTION
Extent 252 pages :
Other physical details illustrations ;
Dimensions 20 cm
500 ## - GENERAL NOTE
General note This collection originally published as Jacqueline Wilson's Biscuit Barrel in 2001 by Corgi Yearling
650 ## - SUBJECT ADDED ENTRY--TOPICAL TERM
Topical term or geographic name entry element Children's stories
Form subdivision English
942 ## - ADDED ENTRY ELEMENTS (KOHA)
Source of classification or shelving scheme
Koha item type Books - Non Ficton
Holdings
Withdrawn status Lost status Source of classification or shelving scheme Damaged status Not for loan Collection code Permanent Location Current Location Shelving location Date acquired Full call number Barcode Date last seen Price effective from Koha item type
          Non-Fiction KH8 Primary School Library KH8 Primary School Library Non Fiction 2023-04-05 823.914 WIL KHPL000003994 2025-12-05 2023-04-05 Books - Non Ficton

Powered By KH8 IT Dept